01005nam a22002777a 45000010005000000030006000050050017000110080041000280200018000690400029000870500017001160820008001331000022001412450173001632500041003362600039003773000056004164900033004725050007005055200097005125210017006095210018006266500031006446500015006757000037006908013FISKH20250819080819.0250819b cb ||||| |||| 00| 0 eng d a9781416971986 aFISKHbengcFISKHdFISKH aPZ7.R39245 S a700 aRichards, Melinda aSave the three little pigs! /cAdapted by Melinda Richards ; Based on the screenplay by Sascha Paladino ; Illustrated by Alexandria Fogarty, Little Airplane Productions aThis edition first published in 2009 aNew York :bSimon Spotlight,c2009 a22 unnumbered pages :bcolor illustrations ;c23 cm aReady to readv# Pre-Level 1 aC  aThe Wonder Pets help save the three little pigs in this fun twist on the classic fairytale. 8 a70 bLexile 8 aC bRaz-Plus  2Classroom CollectionaPigs 2PetsaWolf aFogarty, Alexandriadillustrator